000 00233nam a2200085Ia 4500
008 160617s9999 xx 000 0 und d
245 _aIranian Journal of Radiology
650 _aRADIOLOGIC TECHNOLOGY
856 _uhttp://iranjradiol.com/
999 _c296046
_d296046